| 000 | 00728nam a2200265Ia 4500 | ||
|---|---|---|---|
| 003 | OSt | ||
| 005 | 20220926023011.0 | ||
| 006 | a|||||r|||| 00| 0 | ||
| 007 | ta | ||
| 008 | 220923b |||||||| |||| 00| 0 eng d | ||
| 020 | _a0 471 99405 7 | ||
| 037 | _cGeneral Book | ||
| 040 |
_aRTL _cRTL _beng |
||
| 041 |
_2eng _aeng |
||
| 082 | _aB334, L7 | ||
| 100 |
_aMitchell A R _9328553 |
||
| 245 | 0 | _aFinite element method in partial differential equations | |
| 260 |
_aNew York _bWiley _c1977 |
||
| 300 |
_ax,198p. _ccm. |
||
| 500 | _aBibliography: P 191-195 | ||
| 650 | _aEquations | ||
| 700 |
_a Wait R _9328554 |
||
| 942 |
_hB334, L7 _cGB _2CC |
||
| 999 |
_c640752 _d640752 |
||